000 00778nam a2200205 i 4500
001 170659
003 ES-MaACL
005 20230906214428.0
008 200302s1966 sp |||| | spa d
080 _a343.359(043.2)
100 1 _aMontoro Puerto, Miguel.
_982697
245 1 3 _aEl ilícito administrativo /
_cpor Miguel Montoro Puerto.
260 _aBarcelona :
_b[Universidad, Facultad de Derecho],
_c1966.
300 _a19 p. ;
_c24 cm.
502 _aTesis-Univ. Barcelona (Extracto)
594 _aPrecede al tít.: Universidad de Barcelona. Secretariado de Publicaciones, Intercambio Científico y Extensión Universitaria.
650 4 _aDelitos fiscales.
_9169810
710 2 _aUniversidad de Barcelona.
_bFacultad de Derecho.
_97147
852 4 _aES-MaACL
_jP-1414-1
999 _c170659
_d170659